| 000 | 00449cam a22001097a 4500 | ||
|---|---|---|---|
| 008 | 180718b1949 xxu||||| |||| 00| 0 eng d | ||
| 082 | _aI5135x73 Un3/DC | ||
| 100 | _aCommission on Organization of the Executive Branch of Government | ||
| 245 |
_aDepartment of agriculture: a report to the Congress _cby Commission on Organization of the Executive Branch of Government |
||
| 260 |
_aWashington _bU.S. Government Printing Office _c1949 |
||
| 300 | _a112p. | ||
| 999 |
_c503669 _d503669 |
||